LEADER 01628nam 2200385 450 001 9910688390103321 005 20230704142053.0 035 $a(CKB)5850000000050350 035 $a(NjHacI)995850000000050350 035 $a(EXLCZ)995850000000050350 100 $a20230704d2022 uy 0 101 0 $aeng 135 $aur||||||||||| 181 $ctxt$2rdacontent 182 $cc$2rdamedia 183 $acr$2rdacarrier 200 00$aActive Learning /$fedited by Olena Lutsenko, Gregory Lutsenko 210 1$aLondon :$cIntechOpen,$d2022. 210 4$dİ2022 215 $a1 online resource (176 pages) 311 $a1-83968-478-X 320 $aIncludes bibliographical references and index. 330 $aIn the context of globalization changes in educational systems, it is important to modify approaches to the educational process and introduce learning technologies that allow for maximum involvement in learning. One such technology is the technology of active learning, which engages learners through participation in the cognitive process and certain tasks as well as through the collective activities of the subjects of the educational process. This book discusses the theoretical analysis of active learning and contains practical recommendations for its implementation. 517 $aActive Learning 606 $aActive learning 615 0$aActive learning. 676 $a371.39 702 $aLutsenko$b Gregory 702 $aLutsenko$b Olena 801 0$bNjHacI 801 1$bNjHacl 906 $aBOOK 912 $a9910688390103321 996 $aActive Learning$92957216 997 $aUNINA LEADER 01175nam 2200349 a 450 001 9910702084303321 005 20120808165200.0 035 $a(CKB)5470000002423282 035 $a(OCoLC)805424693 035 $a(EXLCZ)995470000002423282 100 $a20120808d2012 ua 0 101 0 $aeng 135 $aurmn||||||||| 181 $ctxt$2rdacontent 182 $cc$2rdamedia 183 $acr$2rdacarrier 200 10$aNuclear safety$b[electronic resource] $eDOE needs to determine the costs and benefits of its safety reform effort : report to congressional requesters 210 1$a[Washington, D.C.] :$cU.S. Govt. Accountability Office,$d[2012] 215 $a1 online resource (ii, 48 pages) 300 $aTitle from PDF title screen (viewed July 16, 2012). 300 $a"April 2012." 300 $a"GAO-12-347." 320 $aIncludes bibliographical references. 517 $aNuclear safety 606 $aNuclear facilities$zUnited States$xSafety measures 615 0$aNuclear facilities$xSafety measures. 801 0$bGPO 801 1$bGPO 906 $aBOOK 912 $a9910702084303321 996 $aNuclear safety$92319825 997 $aUNINA